[Event "Bunratty Open"]
[Site "Bunratty IRL"]
[Date "2012.02.17"]
[Round "1"]
[White "Istratescu, Andrei"]
[Black "Osborne, Sam"]
[Result "1-0"]
[WhiteTitle "GM"]
[WhiteElo "2628"]
[BlackElo "2076"]
[WhiteFideId "1200372"]
[BlackFideId "2501791"]
[EventDate "2012.02.17"]

1. e4 c5 2. Nf3 d6 3. d4 cxd4 4. Nxd4 Nf6 5. Nc3 a6 6. h3 Nc6 7. g4 d5 8. exd5
Nxd5 9. Nxc6 bxc6 10. Bg2 e6 11. Ne4 Bb7 12. c4 Nf6 13. Qb3 Qc7 14. Bf4 Qa5+ 15.
Ke2 Qb4 16. Qxb4 Bxb4 17. Nd6+ Bxd6 18. Bxd6 O-O-O 19. Rhd1 c5 20. Bxb7+ Kxb7
21. Bxc5 Rc8 22. b4 Rc7 23. Rd6 Ne4 24. Rb6+ Ka7 25. Be3 Rhc8 26. Rxe6+ 1-0

[Event "Bunratty Open"]
[Site "Bunratty IRL"]
[Date "2012.02.17"]
[Round "1"]
[White "Quinn, Rory"]
[Black "Jones, Gawain C B"]
[Result "0-1"]
[BlackTitle "GM"]
[WhiteElo "2074"]
[BlackElo "2653"]
[WhiteFideId "2501643"]
[BlackFideId "409561"]
[EventDate "2012.02.17"]

1. e4 e5 2. Nf3 Nc6 3. Bb5 a6 4. Ba4 Nf6 5. O-O Be7 6. Re1 b5 7. Bb3 d6 8. c3
O-O 9. h3 Nb8 10. d4 Nbd7 11. Nbd2 Bb7 12. Bc2 c5 13. Nf1 Re8 14. Ng3 cxd4 15.
cxd4 exd4 16. Nxd4 d5 17. exd5 Bc5 18. Rxe8+ Qxe8 19. Ngf5 Bxd5 20. Bf4 g6 21.
Ne3 Bb7 22. a4 Nb6 23. a5 Rd8 0-1

[Event "Bunratty Open"]
[Site "Bunratty IRL"]
[Date "2012.02.17"]
[Round "1"]
[White "Hebden, Mark L"]
[Black "Moynihan, Kieran"]
[Result "1-0"]
[WhiteTitle "GM"]
[WhiteElo "2516"]
[BlackElo "2167"]
[WhiteFideId "400084"]
[BlackFideId "2500663"]
[EventDate "2012.02.17"]

1. d4 f5 2. g3 Nf6 3. Bg2 e6 4. Nf3 Be7 5. O-O O-O 6. c4 d6 7. Nc3 a5 8. Bg5
Nbd7 9. Qc2 Ng4 10. Bd2 Nb6 11. b3 d5 12. cxd5 exd5 13. Rad1 c6 14. Ne1 Bd6 15.
Nd3 Qf6 16. Qc1 Re8 17. h3 Nh6 18. Bg5 Qg6 19. Bf4 Nf7 20. Bxd6 Qxd6 21. f4 a4
22. Ne5 axb3 23. axb3 Ra3 24. Rd3 Qb4 25. Rff3 Be6 26. Nb1 Ra1 27. Rf1 Rea8 28.
Qe3 Re8 29. Qc1 Ra2 30. Bf3 Nd7 31. Qc3 Qf8 32. b4 Nd6 33. Qb3 Raa8 34. Nc3 Ne4
35. Bg2 Nxc3 36. Qxc3 Ra6 37. b5 Rb6 38. bxc6 Nxe5 39. fxe5 bxc6 40. g4 g6 41.
gxf5 Bxf5 42. Rg3 Kh8 43. Qe3 Rb1 44. Rxb1 Bxb1 45. Rf3 Bf5 46. Qc3 Rc8 47. Rf1
Qe7 48. Kh2 Qe6 49. Qc5 Kg7 50. Ra1 Rc7 51. Rc1 g5 52. Bxd5 Qh6 53. Rc3 Qh5 54.
Qd6 Qxe2+ 55. Bg2 Rf7 56. Rxc6 Qe3 57. e6 Bxe6 58. Qxe6 Qf4+ 59. Kh1 Rf8 60.
Qh6+ Kg8 1-0

[Event "Bunratty Open"]
[Site "Bunratty IRL"]
[Date "2012.02.17"]
[Round "1"]
[White "Regan, Natasha K"]
[Black "Williams, Simon K"]
[Result "1/2-1/2"]
[WhiteTitle "WIM"]
[BlackTitle "GM"]
[WhiteElo "2096"]
[BlackElo "2504"]
[WhiteFideId "403067"]
[BlackFideId "404454"]
[EventDate "2012.02.17"]

1. e4 c5 2. d4 cxd4 3. c3 d3 4. c4 Nc6 5. Bxd3 g6 6. Nc3 Bg7 7. Nf3 d6 8. h3 Nf6
9. Be3 O-O 10. O-O Nd7 11. Rc1 Nc5 12. Bb1 b6 13. Qd2 Bb7 14. Nd5 e6 15. Nc3 Qe7
16. Nb5 Ne5 17. Qxd6 Nxf3+ 18. gxf3 Qh4 19. b4 Na4 20. Qg3 Qe7 21. Nd6 Rad8 22.
c5 bxc5 23. bxc5 Ba6 24. Rfe1 Rb8 25. e5 f6 26. exf6 Qxf6 27. c6 Nc3 28. Ne4
Nxe4 29. fxe4 Qb2 30. Qd6 Kh8 31. c7 Rb6 32. Bxb6 axb6 33. Rc2 Qf6 34. Qg3 Bh6
35. e5 Qe7 36. Re4 Qd7 37. Qc3 Qd1+ 38. Qe1 Qh5 39. Rc3 Bc8 40. Rd4 Bf4 41. Rd8
Kg7 42. Qe4 Rf5 43. Rxc8 Rg5+ 44. Rg3 Bxg3 45. fxg3 Qd1+ 46. Kf2 Qd2+ 47. Qe2
Qd7 48. Qe3 Rh5 49. Rb8 Qxc7 50. Qxb6 Qf7+ 51. Kg2 Rxe5 52. Rb7 Re2+ 53. Kg1
Re1+ 54. Kg2 Re2+ 1/2-1/2

[Event "Bunratty Open"]
[Site "Bunratty IRL"]
[Date "2012.02.17"]
[Round "1"]
[White "Arkell, Keith C"]
[Black "Fox, Anthony"]
[Result "1-0"]
[WhiteTitle "GM"]
[WhiteElo "2429"]
[BlackElo "2077"]
[WhiteFideId "400270"]
[BlackFideId "2500736"]
[EventDate "2012.02.17"]

1. d4 d5 2. c4 e6 3. Nf3 Nf6 4. Nc3 Be7 5. cxd5 exd5 6. Bg5 c6 7. e3 Bf5 8. Bxf6
Bxf6 9. Bd3 Bxd3 10. Qxd3 Nd7 11. b4 a6 12. O-O O-O 13. a4 Nb6 14. b5 cxb5 15.
axb5 a5 16. Rfc1 Be7 17. Na4 Nxa4 18. Rxa4 Bb4 19. g3 Rc8 20. Raa1 g6 21. h4 Qf6
22. Ne5 Qe6 23. Qb3 Rfe8 24. Qd1 f6 25. Nd3 Rc4 26. Qf3 Rec8 27. Rd1 Kg7 28. Nf4
Qe4 29. Kg2 Qxf3+ 30. Kxf3 Bc3 31. Ra2 Rb4 32. Rxa5 Rxd4 33. Rxd4 Bxa5 34. Rxd5
b6 35. Rd7+ Kg8 36. Nd5 Rf8 37. Rb7 Rf7 38. Rb8+ Kg7 39. Nxb6 1-0

[Event "Bunratty Open"]
[Site "Bunratty IRL"]
[Date "2012.02.17"]
[Round "1"]
[White "O'Connor, Jonathan"]
[Black "Galego, Luis"]
[Result "0-1"]
[BlackTitle "GM"]
[WhiteElo "2116"]
[BlackElo "2481"]
[WhiteFideId "2501112"]
[BlackFideId "1900072"]
[EventDate "2012.02.17"]

1. e4 c5 2. Nc3 Nc6 3. Bb5 Nd4 4. Bc4 e6 5. Nge2 Ne7 6. O-O Nec6 7. d3 Be7 8. a3
O-O 9. Bd2 a6 10. Nxd4 Nxd4 11. Ne2 d5 12. Ba2 dxe4 13. dxe4 b5 14. c3 Nc6 15.
Be3 Bb7 16. Ng3 Qxd1 17. Raxd1 Rfd8 18. Bb1 Ne5 19. f3 h6 20. Kf2 Nc4 21. Bc1
Bg5 22. f4 Bh4 23. Ke2 g6 24. Nh1 f5 25. g3 Be7 26. Nf2 Kf7 27. Rxd8 Rxd8 28.
Rd1 Rxd1 29. Kxd1 Nd6 30. exf5 gxf5 31. Ke2 c4 32. Be3 Bf6 33. Bc5 Ne8 34. Bb6
h5 35. Ke3 Nd6 36. Bd4 Bd8 37. Bc5 Ne8 38. Bd4 Nc7 39. Bc2 Nd5+ 40. Kd2 h4 41.
Bd1 hxg3 42. hxg3 Bf6 43. Bh5+ Ke7 44. Bc5+ Kd7 45. Bg6 Kc6 46. Bf8 Bc8 47. Nd1
Nb6 48. Ne3 Na4 49. Kc2 Bd8 50. Bh5 Bb6 51. Nd1 Bg1 52. g4 fxg4 53. Bxg4 Nb6 54.
Bf3+ Nd5 55. Bg7 Bd7 56. Be5 Be8 57. Be4 Bh5 58. Kd2 Kc5 59. Bb8 Kc6 60. Be5 Kc5
61. Bb8 Kc6 62. Be5 Bc5 0-1

[Event "Bunratty Open"]
[Site "Bunratty IRL"]
[Date "2012.02.17"]
[Round "1"]
[White "Baburin, Alexander"]
[Black "Cafolla, Peter"]
[Result "1-0"]
[WhiteTitle "GM"]
[WhiteElo "2535"]
[BlackElo "2021"]
[WhiteFideId "2500914"]
[BlackFideId "2500884"]
[EventDate "2012.02.17"]

1. d4 d5 2. c4 e6 3. Nf3 c5 4. e3 Nf6 5. dxc5 Bxc5 6. a3 a6 7. b4 Ba7 8. Bb2 O-O
9. Nbd2 Bd7 10. Bd3 Nc6 11. O-O Rc8 12. e4 dxc4 13. Nxc4 Qe7 14. e5 Nd5 15. Nd6
Rc7 16. Be4 f6 17. Nf5 Qf7 18. exf6 Nxf6 19. Ng5 Qh5 20. Qxh5 Nxh5 21. Nh6+ Kh8
22. Ngf7+ Rxf7 23. Nxf7+ Kg8 24. Ne5 Nf6 25. Bxc6 Bxc6 26. Nxc6 Rxc6 27. Rac1
Rxc1 28. Rxc1 Nd5 29. Rc8+ Kf7 30. Ra8 1-0

[Event "Bunratty Open"]
[Site "Bunratty IRL"]
[Date "2012.02.17"]
[Round "1"]
[White "Duffy, Seamus"]
[Black "Ionescu, Constantin"]
[Result "0-1"]
[BlackTitle "GM"]
[WhiteElo "1999"]
[BlackElo "2444"]
[WhiteFideId "2501708"]
[BlackFideId "1200089"]
[EventDate "2012.02.17"]

1. b3 d5 2. Bb2 c5 3. e3 a6 4. f4 Nc6 5. Nf3 Nf6 6. Be2 g6 7. O-O Bg7 8. Ne5 Bd7
9. Nxd7 Qxd7 10. d3 O-O 11. Nd2 d4 12. e4 b5 13. a4 Qc7 14. f5 Bh6 15. fxg6 hxg6
16. Bf3 Ne5 17. h3 Rad8 18. Bc1 Be3+ 19. Kh1 Kg7 20. Nb1 Rh8 21. Bxe3 dxe3 22.
Nc3 Qd7 23. Qe2 Qd4 24. Nd5 Nxd5 25. exd5 f5 26. axb5 axb5 27. Rad1 b4 28. Rfe1
f4 29. Be4 Rh4 30. Kg1 g5 31. Rf1 Rf8 32. Rde1 Rf6 33. g3 Rxh3 34. gxf4 gxf4 35.
Bg2 Rg3 36. Qh5 f3 0-1

[Event "Bunratty Open"]
[Site "Bunratty IRL"]
[Date "2012.02.17"]
[Round "1"]
[White "Collins, Sam E."]
[Black "Courtney, John"]
[Result "1-0"]
[WhiteTitle "IM"]
[WhiteElo "2426"]
[BlackElo "2132"]
[WhiteFideId "2501198"]
[BlackFideId "2502380"]
[EventDate "2012.02.17"]

1. e4 c5 2. Nc3 d6 3. f4 g6 4. d4 cxd4 5. Qxd4 Nf6 6. e5 Nc6 7. Bb5 dxe5 8.
Qxd8+ Kxd8 9. Nf3 Nd4 10. fxe5 Nxc2+ 11. Ke2 Nxa1 12. exf6 exf6 13. Rd1+ Kc7 14.
Nd5+ Kd6 15. b4 Nc2 16. Nb6+ Kc7 17. Nxa8+ Kb8 18. Bf4+ Kxa8 19. Rd8 Bg7 20. Be8
a6 21. Rxc8+ Ka7 22. Bb8+ Kb6 23. Bd6 Ka7 24. Bc5+ b6 25. Bd6 f5 26. Rc7+ 1-0

[Event "Bunratty Open"]
[Site "Bunratty IRL"]
[Date "2012.02.17"]
[Round "1"]
[White "Benson, Oisin P."]
[Black "Ansell, Simon T"]
[Result "0-1"]
[BlackTitle "IM"]
[WhiteElo "2005"]
[BlackElo "2373"]
[WhiteFideId "2501821"]
[BlackFideId "402141"]
[EventDate "2012.02.17"]

1. d4 d6 2. c4 e5 3. Nc3 exd4 4. Qxd4 Nc6 5. Qd1 Be6 6. b3 g6 7. Nf3 Bg7 8. Bb2
Nge7 9. Qd2 O-O 10. g3 d5 11. Nxd5 Nxd5 12. Bxg7 Kxg7 13. cxd5 Qxd5 14. Qc3+ Kg8
15. Bg2 Qh5 16. Nd2 Rad8 17. Bxc6 bxc6 18. Ne4 f6 19. Nxf6+ Rxf6 20. Qxf6 Qa5+
21. Kf1 Bh3+ 22. Kg1 Qd5 0-1

[Event "Bunratty Open"]
[Site "Bunratty IRL"]
[Date "2012.02.17"]
[Round "1"]
[White "Moran, Stephen"]
[Black "Astaneh Lopez, Alex"]
[Result "0-1"]
[BlackTitle "IM"]
[WhiteElo "2016"]
[BlackElo "2414"]
[WhiteFideId "2501872"]
[BlackFideId "2501430"]
[EventDate "2012.02.17"]

1. d4 Nf6 2. c4 g6 3. Nc3 d5 4. Nf3 Bg7 5. cxd5 Nxd5 6. g3 Nb6 7. Bg2 Nc6 8. Bf4
O-O 9. O-O Nxd4 10. Nxd4 e5 11. Nc6 bxc6 12. Be3 Bb7 13. Bc5 Qxd1 14. Rfxd1 Rfd8
15. Rac1 f5 16. e4 f4 17. Bf1 Bf6 18. Be2 Kf7 19. Rxd8 Rxd8 20. Rd1 Bc8 21. Rxd8
Bxd8 22. a4 a5 23. b4 Nd7 24. Bc4+ Kf6 25. Ba7 axb4 26. Na2 Nb6 27. Bg8 Nxa4 28.
Nxb4 c5 29. Nc6 Be7 30. gxf4 Bd6 31. fxe5+ Bxe5 32. Bxh7 g5 33. Nxe5 Kxe5 34.
Bb8 Kd6 35. Bg8 Nb6 36. Kf1 Nd7 37. Ba7 Bb7 38. f3 Ne5 39. Ke2 Nc6 40. Bd5 Nd4+
41. Ke3 Bxd5 42. exd5 Kxd5 43. f4 gxf4+ 44. Kxf4 Nc6 45. Bxc5 Kxc5 46. h4 Kd6
47. Kf5 Ke7 48. h5 Kf7 49. h6 Ne7+ 0-1

[Event "Bunratty Open"]
[Site "Bunratty IRL"]
[Date "2012.02.17"]
[Round "1"]
[White "Quinn, Mark"]
[Black "Maroroa, Sue"]
[Result "1-0"]
[WhiteTitle "IM"]
[BlackTitle "WIM"]
[WhiteElo "2398"]
[BlackElo "2020"]
[WhiteFideId "2500450"]
[BlackFideId "4301498"]
[EventDate "2012.02.17"]

1. d4 Nf6 2. c4 e6 3. Nc3 Bb4 4. e3 O-O 5. Bd3 d5 6. Ne2 Re8 7. O-O c6 8. a3 Bd6
9. f4 c5 10. dxc5 Bxc5 11. b4 dxc4 12. Bxc4 Qxd1 13. Rxd1 Be7 14. Nb5 Na6 15.
Bb2 b6 16. Nd6 Bxd6 17. Rxd6 Bb7 18. Bxf6 gxf6 19. Rad1 Rec8 20. Bd3 Nc7 21. f5
Ne8 22. Rd7 Bc6 23. fxe6 fxe6 24. Rxh7 Ba4 25. Rd2 Rd8 26. Rh4 Kf8 27. Nd4 Ng7
28. b5 Kg8 29. Nc6 Rxd3 30. Rxd3 Bxb5 31. Rc3 Nf5 32. Rg4+ Kf8 33. e4 Nh6 34.
Rg6 Ng8 35. e5 Kf7 36. Rcg3 1-0

[Event "Bunratty Open"]
[Site "Bunratty IRL"]
[Date "2012.02.17"]
[Round "1"]
[White "De Jonge, Henk"]
[Black "Donaldson, John W"]
[Result "0-1"]
[BlackTitle "IM"]
[WhiteElo "1990"]
[BlackElo "2390"]
[WhiteFideId "2502062"]
[BlackFideId "2000709"]
[EventDate "2012.02.17"]

1. d4 Nf6 2. Nf3 g6 3. Bg5 Bg7 4. Nbd2 O-O 5. e4 d5 6. Bd3 dxe4 7. Nxe4 Nxe4 8.
Bxe4 c5 9. c3 cxd4 10. Nxd4 Qb6 11. Qd2 e5 12. Nb3 Be6 13. Be3 Qc7 14. Nc5 Bc8
15. O-O-O Nc6 16. Qd6 Qa5 17. Qd5 Ne7 18. Qb3 Nf5 19. Nxb7 Bxb7 20. Bxb7 Nxe3
21. fxe3 Rab8 22. Rd7 Kh8 23. e4 Qc5 24. Rf1 f5 25. exf5 gxf5 26. Qd5 Qb6 27. h3
Rfd8 28. Rxd8+ Rxd8 29. Qf3 Rb8 30. Rd1 Rxb7 31. Qxb7 Bh6+ 0-1

[Event "Bunratty Open"]
[Site "Bunratty IRL"]
[Date "2012.02.17"]
[Round "1"]
[White "Rendle, Thomas E"]
[Black "Magee, Ronan"]
[Result "1-0"]
[WhiteTitle "IM"]
[WhiteElo "2393"]
[BlackElo "1948"]
[WhiteFideId "408760"]
[BlackFideId "2503000"]
[EventDate "2012.02.17"]

1. e4 c5 2. Nf3 d6 3. c3 Nf6 4. Be2 Nbd7 5. d3 e6 6. O-O Be7 7. Nbd2 O-O 8. d4
Qc7 9. Bd3 a6 10. Qe2 cxd4 11. cxd4 e5 12. b3 exd4 13. Bb2 Ne5 14. Rfc1 Qd8 15.
Nxd4 Bg4 16. f3 Bd7 17. Bc2 Qb6 18. Kh1 Rfe8 19. f4 Ng6 20. Qf3 d5 21. e5 Bc5
22. Nf5 Ne4 23. Nxe4 dxe4 24. Bxe4 Bxf5 25. Bxf5 Nh4 26. Bxh7+ Kxh7 27. Qh5+ Kg8
28. Qxh4 Re6 29. f5 Rh6 30. Qg4 Rd8 31. e6 f6 32. Rd1 Bd6 33. h3 Qf2 34. Bd4 1-0

[Event "Bunratty Open"]
[Site "Bunratty IRL"]
[Date "2012.02.17"]
[Round "1"]
[White "Mc Morrow, John"]
[Black "Cooper, Lawrence H"]
[Result "0-1"]
[BlackTitle "IM"]
[WhiteElo "2028"]
[BlackElo "2317"]
[WhiteFideId "2501481"]
[BlackFideId "401536"]
[EventDate "2012.02.17"]

1. e4 e5 2. Nf3 d6 3. Bc4 Nf6 4. d3 Be7 5. c3 O-O 6. Nbd2 Nbd7 7. Nf1 c6 8. Ne3
b5 9. Bb3 Nc5 10. Bc2 a5 11. Nf5 b4 12. Nxe7+ Qxe7 13. O-O Bg4 14. Re1 bxc3 15.
bxc3 Ne6 16. Ba3 Ng5 17. d4 c5 18. dxe5 dxe5 19. Bd3 Nh5 20. Be2 Rfd8 21. Qc2
Bxf3 22. gxf3 Nh3+ 23. Kh1 Qg5 24. Bxc5 Rd2 25. Qb3 Rxe2 26. Qb7 Rxe1+ 27. Rxe1
Qd8 28. Bb6 Rb8 29. Bxa5 Rxb7 30. Bxd8 Rb2 31. a4 Nxf2+ 32. Kg1 Nd3 33. Rd1 Nhf4
34. Bh4 Rg2+ 35. Kh1 Ra2 36. Rb1 h6 0-1

[Event "Bunratty Open"]
[Site "Bunratty IRL"]
[Date "2012.02.17"]
[Round "1"]
[White "Griffiths, Ryan Rhys"]
[Black "Doyle, Hugh"]
[Result "1-0"]
[WhiteTitle "FM"]
[WhiteElo "2310"]
[BlackElo "1910"]
[WhiteFideId "2502054"]
[BlackFideId "2500876"]
[EventDate "2012.02.17"]

1. e4 c6 2. d4 d5 3. f3 dxe4 4. fxe4 e5 5. Nf3 Bg4 6. Bc4 Nf6 7. Bxf7+ Kxf7 8.
Nxe5+ Kg8 9. Nxg4 Nxe4 10. O-O Nd7 11. Nh6+ gxh6 12. Qg4+ Ng5 13. Bxg5 1-0

[Event "Bunratty Open"]
[Site "Bunratty IRL"]
[Date "2012.02.17"]
[Round "1"]
[White "O'Donnell, Conor"]
[Black "Fitzsimons, David"]
[Result "0-1"]
[WhiteElo "1780"]
[BlackElo "2260"]
[WhiteFideId "2504243"]
[BlackFideId "2501961"]
[EventDate "2012.02.17"]

1. e4 e6 2. Nf3 d5 3. Nc3 Nf6 4. e5 Nfd7 5. d4 c5 6. dxc5 Nc6 7. Bf4 Bxc5 8. Bd3
f6 9. exf6 Qxf6 10. Bg3 O-O 11. O-O a6 12. Qe2 Nd4 13. Nxd4 Bxd4 14. Rae1 Nc5
15. Be5 Bxe5 16. Qxe5 Bd7 17. f4 Bc6 18. b4 Nxd3 19. cxd3 Rae8 20. d4 Qh6 21.
Rf3 Rf5 22. Qe3 Ref8 23. g3 e5 24. Ne2 e4 25. Rf2 Qh3 26. Nc3 Be8 27. Qe2 g5 28.
Qf1 Qg4 29. Ne2 e3 30. Rf3 Bh5 31. Rxe3 gxf4 32. h3 Qg7 0-1

[Event "Bunratty Open"]
[Site "Bunratty IRL"]
[Date "2012.02.18"]
[Round "2"]
[White "Astaneh Lopez, Alex"]
[Black "Istratescu, Andrei"]
[Result "0-1"]
[WhiteTitle "IM"]
[BlackTitle "GM"]
[WhiteElo "2414"]
[BlackElo "2628"]
[WhiteFideId "2501430"]
[BlackFideId "1200372"]
[EventDate "2012.02.17"]

1. d4 g6 2. Nf3 Bg7 3. Nbd2 c5 4. dxc5 Na6 5. Nb3 Nxc5 6. c3 Qc7 7. g3 b6 8. Bg2
Bb7 9. O-O Nf6 10. Bf4 d6 11. Qc1 O-O 12. Bh6 e5 13. Rd1 Ne6 14. Bxg7 Kxg7 15.
Nbd2 d5 16. Nf1 Rad8 17. Ne3 Rfe8 18. b3 h6 19. Qb2 Nc5 20. Rac1 b5 21. Rc2 Qb6
22. Qc1 Nce4 23. Rf1 a5 24. Ne1 Rc8 25. Nd3 h5 26. Bh3 Rc7 27. Nd1 h4 28. Ne3
hxg3 29. hxg3 Rh8 30. Bg2 Nxg3 31. Re1 e4 32. Nf4 Ngh5 33. Nxh5+ Rxh5 34. Rd1
Bc8 35. c4 d4 36. Nd5 Qd6 37. Nxc7 Qh2+ 38. Kf1 Bh3 39. Ke1 e3 40. fxe3 Qg3+ 41.
Kd2 Qxe3+ 42. Ke1 Qg3+ 43. Kd2 Qe3+ 44. Ke1 Bxg2 45. Qxe3 dxe3 46. Nxb5 Rh1# 0-1

[Event "Bunratty Open"]
[Site "Bunratty IRL"]
[Date "2012.02.18"]
[Round "2"]
[White "Jones, Gawain C B"]
[Black "Quinn, Mark"]
[Result "1-0"]
[WhiteTitle "GM"]
[BlackTitle "IM"]
[WhiteElo "2653"]
[BlackElo "2398"]
[WhiteFideId "409561"]
[BlackFideId "2500450"]
[EventDate "2012.02.17"]

1. e4 c5 2. Nf3 e6 3. g3 Nc6 4. Bg2 Nf6 5. d3 b6 6. e5 Nd5 7. c4 Nde7 8. d4 cxd4
9. Nxd4 Nxd4 10. Bxa8 Nec6 11. O-O Ba6 12. Bxc6 Nxc6 13. Re1 Bxc4 14. Nc3 Qb8
15. Bf4 h6 16. Rc1 Be7 17. Ne4 Bd5 18. Nf6+ gxf6 19. exf6 Qxf4 20. gxf4 Rg8+ 21.
Kf1 Bg2+ 22. Ke2 Bxf6 23. Rg1 Ke7 24. Rxc6 dxc6 25. Qa4 a5 26. f5 Kd7 27. fxe6+
fxe6 28. Qf4 Be7 29. Qxh6 Bf3+ 30. Kxf3 Rxg1 31. h4 a4 32. h5 Rg5 33. Qh7 Rf5+
34. Kg2 Kd6 35. h6 Bf6 36. Qb7 b5 37. h7 Rg5+ 38. Kf1 Bxb2 39. Qb8+ Kd5 40. Qd8+ 1-0

[Event "Bunratty Open"]
[Site "Bunratty IRL"]
[Date "2012.02.18"]
[Round "2"]
[White "Donaldson, John W"]
[Black "Hebden, Mark L"]
[Result "0-1"]
[WhiteTitle "IM"]
[BlackTitle "GM"]
[WhiteElo "2390"]
[BlackElo "2516"]
[WhiteFideId "2000709"]
[BlackFideId "400084"]
[EventDate "2012.02.17"]

1. Nf3 Nf6 2. c4 g6 3. g3 Bg7 4. Bg2 O-O 5. O-O d6 6. Nc3 Nc6 7. d3 e5 8. Rb1 a5
9. a3 Nd4 10. b4 axb4 11. axb4 c6 12. b5 Ne6 13. Bb2 Bd7 14. Ra1 Qc7 15. Qb3 Nc5
16. Qb4 Qb6 17. Nd2 Rfc8 18. Rxa8 Rxa8 19. Ba3 Qa7 20. Bb2 Qb8 21. bxc6 bxc6 22.
Qxb8+ Rxb8 23. Ba3 Bf8 24. Rb1 Rxb1+ 25. Ndxb1 Nb3 26. Kf1 Nd4 27. Nd2 Be6 28.
Nf3 Nc2 29. Bb2 h6 30. Na4 Nd7 31. Ne1 Nb4 32. Nf3 f6 33. Nc3 d5 34. cxd5 cxd5
35. Ba3 Nb6 36. h4 Kf7 37. Nd2 d4 38. Nb5 Bd7 39. Nc7 Be7 40. Bxb4 Bxb4 41. Nd5
Nxd5 42. Bxd5+ Ke7 43. Nc4 Bh3+ 44. Bg2 Be6 45. e3 dxe3 46. Nxe3 Bc5 47. Ke2 f5
48. Bf3 Bd4 49. Nc2 Bc3 50. Ne3 Kd6 51. g4 Bd4 52. gxf5 gxf5 53. Bh5 Ke7 54. Bf3
Kf6 55. Bc6 Kg6 56. Be8+ Kg7 57. Bc6 Bc5 58. f4 exf4 59. Ng2 Kf6 60. Nxf4 Bf7
61. Kf3 Ke5 62. Bd7 Bb6 63. Bc8 Be8 64. Bb7 Bd4 65. Ba8 Bb2 66. Bb7 Ba4 67. Ng6+
Kf6 68. Nf4 Bd4 69. Bc8 Bc6+ 70. Ke2 Be8 71. Bb7 Ke5 72. Kf3 Ba4 73. Ng6+ Kf6
74. Nf4 Bd1+ 75. Kg3 Be5 76. Bc8 Bg4 77. Bb7 Ke7 78. Bf3 h5 79. d4 Bd6 0-1

[Event "Bunratty Open"]
[Site "Bunratty IRL"]
[Date "2012.02.18"]
[Round "2"]
[White "Rendle, Thomas E"]
[Black "Arkell, Keith C"]
[Result "1/2-1/2"]
[WhiteTitle "IM"]
[BlackTitle "GM"]
[WhiteElo "2393"]
[BlackElo "2429"]
[WhiteFideId "408760"]
[BlackFideId "400270"]
[EventDate "2012.02.17"]

1. f4 d5 2. Nf3 Bg4 3. e3 Nd7 4. h3 Bxf3 5. Qxf3 e5 6. Qxd5 Qh4+ 7. Kd1 O-O-O 8.
fxe5 Qe7 9. Qa5 Kb8 10. b3 Nxe5 11. Ba3 Qe6 12. Bxf8 Rxf8 13. Nc3 Nc6 14. Qd5
Qe7 15. Qe4 Qc5 16. Qc4 Qd6 17. Qf4 Qc5 18. Qc4 Qd6 19. Qf4 Qc5 20. Bd3 Ne5 21.
Kc1 Rd8 22. Be2 Ne7 23. Rd1 N7g6 24. Qa4 Qe7 25. Kb2 Rd6 26. d4 Nd7 27. Qa5 a6
28. Nd5 Qd8 29. Bf3 Nh4 30. e4 Nxf3 31. gxf3 Rh6 32. Rh1 Nf6 33. Rad1 b6 34.
Qxa6 Nxd5 35. exd5 Qxd5 36. Qd3 Rh4 37. Qe3 Rd8 38. c3 Rh5 39. Qe4 Qd7 40. Qg4
Rf5 41. Rhe1 g6 42. Re3 Qd6 43. Rde1 Rf4 44. Qg5 Kb7 45. R1e2 Rf5 46. Qg4 Rf4
47. Qg5 Rf5 48. Qg4 Rf4 1/2-1/2

[Event "Bunratty Open"]
[Site "Bunratty IRL"]
[Date "2012.02.18"]
[Round "2"]
[White "Galego, Luis"]
[Black "Griffiths, Ryan Rhys"]
[Result "1-0"]
[WhiteTitle "GM"]
[BlackTitle "FM"]
[WhiteElo "2481"]
[BlackElo "2310"]
[WhiteFideId "1900072"]
[BlackFideId "2502054"]
[EventDate "2012.02.17"]

1. e4 c5 2. Nf3 d6 3. Nc3 Nf6 4. g3 Nc6 5. Bg2 g6 6. O-O Bg7 7. d3 O-O 8. h3 Rb8
9. Bg5 b5 10. a3 a5 11. Qd2 b4 12. axb4 axb4 13. Nd5 Be6 14. Nxf6+ exf6 15. Bh6
d5 16. Bxg7 Kxg7 17. Qf4 b3 18. c3 Qd7 19. h4 h5 20. e5 fxe5 21. Nxe5 Nxe5 22.
Qxe5+ f6 23. Qe3 Qd6 24. d4 c4 25. Rfe1 Rbe8 26. Ra7+ Rf7 27. Rea1 Qf8 28. Qf4
Rxa7 29. Rxa7+ Re7 30. Ra6 Bg8 31. Bf3 Re6 32. Ra7+ Re7 33. Ra1 Qd8 34. Kg2 Bf7
35. g4 hxg4 36. Qxg4 Qd7 37. Qf4 Qc7 38. Qg4 Qd7 39. Qf4 Qc7 40. Qxc7 Rxc7 41.
Ra6 Rd7 42. Kg3 Rd8 43. Ra7 Kf8 44. Kf4 Re8 45. h5 Kg8 46. hxg6 Be6 47. Bg2 Kh8
48. Bf3 Rd8 49. Rh7+ Kg8 50. Re7 1-0

[Event "Bunratty Open"]
[Site "Bunratty IRL"]
[Date "2012.02.18"]
[Round "2"]
[White "Cooper, Lawrence H"]
[Black "Baburin, Alexander"]
[Result "1/2-1/2"]
[WhiteTitle "IM"]
[BlackTitle "GM"]
[WhiteElo "2317"]
[BlackElo "2535"]
[WhiteFideId "401536"]
[BlackFideId "2500914"]
[EventDate "2012.02.17"]

1. e4 Nf6 2. e5 Nd5 3. d4 d6 4. c4 Nb6 5. exd6 exd6 6. Nc3 Nc6 7. d5 Ne5 8. Be2
Be7 9. f4 Ng6 10. Nf3 Nh4 11. O-O Nxf3+ 12. Bxf3 O-O 13. Qd3 Bf6 14. Be3 Re8 15.
Rae1 Nd7 16. Qd2 a5 17. Ne4 Be7 18. Bd4 b6 19. Qc3 Bf8 20. Ng3 Rxe1 21. Rxe1 Ba6
22. Nh5 g6 23. Bg4 Qh4 24. Bxd7 Qxh5 25. g4 Qh6 26. g5 Qh4 27. Re4 Rd8 28. Bh3
Bc8 29. Bxc8 Rxc8 30. Qf3 Bg7 1/2-1/2

[Event "Bunratty Open"]
[Site "Bunratty IRL"]
[Date "2012.02.18"]
[Round "2"]
[White "Ionescu, Constantin"]
[Black "Berry, Neil"]
[Result "1/2-1/2"]
[WhiteTitle "GM"]
[BlackTitle "FM"]
[WhiteElo "2444"]
[BlackElo "2308"]
[WhiteFideId "1200089"]
[BlackFideId "2400650"]
[EventDate "2012.02.17"]

1. d4 d5 2. c4 e6 3. Nc3 Be7 4. cxd5 exd5 5. Bf4 c6 6. Qc2 Bd6 7. Bg3 Ne7 8. e3
Bf5 9. Qb3 Nc8 10. Nf3 Qb6 11. Be2 Nd7 12. Nd2 O-O 13. f3 Bg6 14. Kf2 Qxb3 15.
axb3 f5 16. Bxd6 Nxd6 17. b4 a6 18. f4 Nf6 19. h3 Bh5 20. Bd3 Rae8 21. Na4 Re7
22. Nc5 Rfe8 23. Rhe1 h6 24. Bc2 g5 25. g3 g4 26. h4 Nfe4+ 27. Bxe4 fxe4 28.
Rec1 Rd8 29. Ndb3 Be8 30. Na4 Bd7 31. Nb6 Bc8 32. Na5 Kf7 33. Rc5 Ke6 34. Rac1
Bd7 35. R5c2 h5 36. Nb3 Be8 37. Nc5+ Kf5 38. Ra1 Rb8 39. Ra5 Kg6 40. Nca4 Bf7
41. Nc3 Rd8 42. b3 Rb8 43. b5 axb5 44. Ra7 Be6 45. Na2 Nc8 46. Nxc8 Rxc8 47. Nb4
Kf6 48. Ke2 Rb8 49. Kd2 Bc8 50. Kc1 Bd7 51. Kb2 Ke6 52. Rc1 Be8 53. Rc2 Bd7 54.
Rc1 Be8 1/2-1/2